Top 10 Benfica Starting XI - Statistics

General Stats
  • This quiz has been taken 1,227 times
    858 since last reset
  • The average score is 31 of 66
Answer Stats
Team Player % Correct
2022-23 António Silva
85%
2022-23 Nicolás Otamendi
84%
2018-19, 2022-23 Rafa Silva
83%
2018-19, 2022-23 Odisseas Vlachodimos
82%
2013-14 Jan Oblak
81%
2016-17, 2017-18, 2018-19, 2022-23 Álex Grimaldo
80%
2016-17 Ederson
75%
2015-16, 2016-17 Victor Lindelöf
74%
2009-10 Ángel Di María
72%
2022-23 Enzo Fernández
68%
2022-23 Florentino Luís
68%
2018-19 Haris Seferović
68%
2022-23 Gonçalo Ramos
67%
2022-23 João Mário
67%
2017-18, 2018-19 Rúben Dias
66%
2015-16, 2016-17 Kostas Mitroglou
63%
2012-13 Ola John
63%
2022-23 David Neres
62%
2022-23 Fredrik Aursnes
62%
2009-10, 2012-13, 2013-14, 2014-15 Maxi Pereira
62%
2014-15, 2015-16, 2016-17, 2017-18 Jonas
61%
2014-15, 2015-16 Júlio César
61%
2012-13 Nemanja Matić
60%
2009-10, 2012-13, 2013-14, 2014-15, 2016-17 Luisão
59%
2009-10, 2012-13 Óscar Cardozo
59%
2018-19 João Félix
57%
2015-16, 2016-17, 2017-18, 2018-19 Pizzi
54%
2013-14, 2014-15, 2015-16 Nicolás Gaitán
52%
2009-10 David Luiz
50%
2015-16, 2017-18, 2018-19 André Almeida
49%
2014-15, 2015-16, 2018-19 Andreas Samaris
48%
2013-14, 2016-17, 2017-18, 2018-19 Ljubomir Fejsa
48%
2012-13, 2014-15, 2016-17, 2017-18 Eduardo Salvio
47%
2012-13, 2013-14 Enzo Pérez
46%
2014-15, 2015-16, 2017-18, 2018-19 Jardel
45%
2016-17 Nélson Semedo
45%
2009-10 Pablo Aimar
44%
2012-13, 2013-14 Ezequiel Garay
42%
2016-17, 2017-18 Franco Cervi
42%
2012-13, 2013-14, 2014-15 Lima
40%
2009-10 Javier Saviola
39%
2017-18 Bruno Varela
38%
2014-15, 2015-16 Eliseu
38%
2009-10 Fábio Coentrão
38%
2013-14 Rodrigo
38%
2009-10 Quim
36%
2015-16 Renato Sanches
36%
1990-91 Ricardo Gomes
34%
2009-10 Javi García
33%
2013-14 Lazar Marković
33%
2012-13 Artur Moraes
31%
2017-18 Andrija Živković
30%
2009-10 Ramires
28%
2013-14 Guilherme Siqueira
25%
2012-13 Lorenzo Melgarejo
24%
2014-15 Talisca
21%
1990-91 Rui Águas
15%
1990-91 António Veloso
13%
1990-91 José Carlos
12%
1990-91 Neno
11%
1990-91 Valdo
10%
1990-91 Jonas Thern
9%
1990-91 Paulo Sousa
9%
1990-91 Vítor Paneira
8%
1990-91 António Pacheco
6%
1990-91 William
6%
No matching quizzes found
Score Distribution
Percent of People with Each Score
Percentile by Number Answered
Your Score History
You have not taken this quiz since the last reset